Регионална библиотека "Любен Каравелов" - Русе

Микробиология (Запис номер 207440)

MARC детайли
000 -Лидер
Контролно поле с фиксирана дължина 01242nam a2200337 c 4500
003 - Код на организацията, давaща контролен номер
Контролно поле BLK
005 - Дата и час на последна редакция
Контролно поле 20230327172646.0
008 - Елементи от данни с фиксирана дължина
fixed length control field 180411b bul|||||r ||||||| ||bul||
010 ## - Наследен системен номер
LC control number KNG00217202000
040 ## - Източник на каталожния запис
Идентификатор на билиотеката - собственик на записа BLK
041 ## - Код за език
Код за езика на текст/звукозапис или на отделно заглавие Български
Код за езика КДБФ Български
080 ## - УДК
Текстов определител УДК Микробиология. Вж и 663
УДК код - определител по УДК 579
УДК определител (075.8)
УДК - код + определител 579(075.8)
100 1# - Редна дума - Автор
Автор Ризванов, Крум
Авторска отговорност първи автор
R(LIN) 116116
139 ## - Редно поле
Редна дума Ризванов, Крум и др.
Авторски знак Риз - Р 60
245 10 - Сведения за заглавието
Заглавие Микробиология
Подзаглавни данни За студентите от ВСИ "Васил Коларов"
Редно поле (дума) Крум Ризванов; съавт. Найден Тосков; съавт. Йордан Цирков.
250 ## - Област на изданието
Сведения за изданието 2. изд.
257 ## - Страна на издаване
Страна на създаване/издаване България
260 ## - Област на издателските данни
-- Софiя
Име на издателя, разпространителя и проч. Земиздат
Година на издаване 1988
300 ## - Физическа характеристика
Страници 226 с.
Илюстрации и др. с ил.
Размери/Мащаб 23 см
380 ## - Жанр
Жанр Естествени науки. Математика
650 #4 - Допълнително описание по предмет – тема
Основно описание – тема или топоним Микробиология
9 (RLIN) 162153
653 ## - Ключова дума – ненормативна
Ключова дума микробиология
653 ## - Ключова дума – ненормативна
Ключова дума учебници за ВУЗ
700 1# - Други автори (авторска отговорност)
Лично име Тосков, Найден Велков
9 (RLIN) 351110
700 1# - Други автори (авторска отговорност)
Лично име Цирков, Йордан
Автороска отговорност (Описва отношението между автора и произведението) съавт.
9 (RLIN) 351111
852 ## - Местоположение
Форматна сигнатура Цб 152696
856 4# - Електронен адрес и достъп
Електронен формат pdf - файл
Път до файла /url/
856 4# - Електронен адрес и достъп
Електронен формат pdf - файл
Път до файла /url/
942 ## - АРТИКУЛИ
Вид на библиотечния материал Книги
Скрит в OPAC Не
Koha issues (borrowed), all copies 2
944 ## - СЪЗДАВАНЕ И РЕДАКЦИЯ на ЗАПИСА
Създаване/Редакция Създаване
Дата на регистрацията/редакция 12.03.2018
Служител, извършил регистрацията/редакцията Ирена_Линкова
944 ## - СЪЗДАВАНЕ И РЕДАКЦИЯ на ЗАПИСА
Създаване/Редакция Редакция
Дата на регистрацията/редакция 12.03.2018
Служител, извършил регистрацията/редакцията Ирена_Линкова
999 ## - СИСТЕМНИ КОНТРОЛНИ НОМЕРА
Koha biblionumber 207440
Koha biblioitemnumber 207440
Наличности
Код за отписване Код за изгубен артикул Източник на класификационната схема Код за повреда Коз за рестрикции Код за отдаване Артикулен № Име на библиотеката - собственик Име на библиотеката, в която се намира в момента Статус (Текущо местоположение) Дата на вписване в системата Местоположение - отдел Цена в лева Инвентарен номер Систематично азбучна сигнатура Баркод Номер на екземпляра Цена в евро Служебна бележка Служебен тип на артикула
  Не е изгубен Universal Decimal Classification Не е повреден без рестрикции ползва се в читалня 358094 Регионална библиотека "Любен Каравелов" Русе Регионална библиотека "Любен Каравелов" Русе Хранилище 1988-01-01 Хранилище 1.34 496290 Цб 152696 120000496290 1 0.69 Дост: Dp Вид: Д N: сф Дата: 01.01.1988 Книги
  Не е изгубен Universal Decimal Classification Не е повреден без рестрикции заемане за дома 358095 Регионална библиотека "Любен Каравелов" Русе Регионална библиотека "Любен Каравелов" Русе Заемна - подръчен фонд 1988-01-01 Заемна - подръчен фонд 1.34 496490 П 579/Р 60 120000496490 2 0.69 Дост: Pk Вид: Ф N: сф Дата: 01.01.1988 Дата инв: 13.03.2018 Бележки инв: П2018 Книги
Vip Innovations Ltd, Rousse, Bulgaria 2025